| 000 | 01017cam a22002894a 4500 | ||
|---|---|---|---|
| 999 |
_c4035 _d4035 |
||
| 001 | 15826092 | ||
| 003 | Nust | ||
| 005 | 20170105101618.0 | ||
| 008 | 090721s2011 maua b 001 0 eng | ||
| 010 | _a 2009029908 | ||
| 020 | _a978-0131367180(pbk.) | ||
| 040 |
_aDLC _cDLC _dDLC |
||
| 043 | _an-us--- | ||
| 050 | 0 | 0 |
_aLB1025.3 _b.B67 2011 |
| 082 | 0 | 0 |
_a371.102 _bBRO |
| 100 | 1 | _aBorich, Gary D. | |
| 245 | 1 | 0 |
_aEffective teaching methods : _bresearch-based practice / _cGary D. Borich. |
| 250 | _a7th ed. | ||
| 260 |
_aBoston : _bPearson/Allyn and Bacon, _c2011. |
||
| 300 |
_axxv, 477 p. : _bill. ; _c28 cm. |
||
| 504 | _aIncludes bibliographical references and index. | ||
| 650 | 0 |
_aEffective teaching _zUnited States. |
|
| 650 | 0 |
_aLesson planning _zUnited States. |
|
| 906 |
_a7 _bcbc _corignew _d1 _eecip _f20 _gy-gencatlg |
||
| 942 |
_2ddc _cBK |
||